[Event "Titled Tuesday intern op 02nd Apr Late"]
[Site "Chess.com INT"]
[Date "2024.04.02"]
[Round "6"]
[White "Ghasi, Ameet K"]
[Black "Bluebaum, Matthias"]
[Result "0-1"]
[WhiteElo "2486"]
[BlackElo "2649"]
[PlyCount "102"]
[EventDate "2024.04.02"]
[EventType "swiss (blitz)"]
[EventRounds "11"]
[EventCountry "USA"]
[SourceTitle "CB15_2024"]
[SourceDate "2024.04.10"]
[SourceVersion "1"]
[SourceVersionDate "2024.04.10"]
[SourceQuality "1"]

1. Nf3 d5 2. g3 e6 3. Bg2 Nf6 4. 0-0 Bd6 5. d3 0-0 6. Nc3 e5 7. e4 d4 8. Ne2 c5 9. Nh4 Nc6 10. Nf5 Re8 11. h3 Bxf5 12. exf5 e4 13. Bg5 exd3 14. cxd3 h6 15. Bd2 Qd7 16. g4 Ne5 17. Nf4 Bc7 18. Rc1 Qd6 19. Re1 Re7 20. Qc2 Rae8 21. Kf1 b6 22. a3 Nexg4 23. hxg4 Nxg4 24. Nd5 Rxe1+ 25. Rxe1 Rxe1+ 26. Bxe1 Qe5 27. Qd1 h5 28. Bd2 Bd8 29. Be4 Qh2 30. Qf3 Bh4 31. Bf4 Qxf2+ 32. Qxf2 Nxf2 33. f6 Nxe4 34. dxe4 g5 35. Bb8 g4 36. Bxa7 c4 37. Bxb6 d3 38. Be3 Bg3 39. a4 h4 40. a5 Kh7 41. a6 Bb8 42. e5 h3 43. a7 Bxa7 44. Bxa7 Kg6 45. Ne3 d2 46. Nd1 Kf5 47. Bd4 Ke4 48. e6 Kf3 49. Kg1 Ke2 50. e7 Kxd1 51. e8Q Kc2 0-1

[Event "Fagernes op"]
[Site "Fagernes"]
[Date "2024.03.27"]
[Round "4"]
[White "Ghasi, Ameet K"]
[Black "Haug, Havard"]
[Result "1-0"]
[WhiteElo "2485"]
[BlackElo "2341"]
[PlyCount "165"]
[EventDate "2024.03.24"]
[EventType "swiss"]
[EventRounds "9"]
[EventCountry "NOR"]
[SourceTitle "CB14_2024"]
[SourceDate "2024.04.01"]
[SourceVersion "1"]
[SourceVersionDate "2024.04.01"]
[SourceQuality "1"]

1. Nf3 d5 2. g3 c5 3. Bg2 Nf6 4. 0-0 Nc6 5. d3 e5 6. e4 dxe4 7. dxe4 Qxd1 8. Rxd1 Bg4 9. c3 Nxe4 10. h3 Bxf3 11. Bxf3 Nd6 12. Be3 Nc4 13. Nd2 Nxe3 14. fxe3 f5 15. Bd5 g6 16. Nc4 e4 17. g4 fxg4 18. hxg4 h5 19. Bxe4 hxg4 20. Kg2 Ke7 21. Rd6 Rd8 22. Rxd8 Nxd8 23. Ne5 Rg8 24. Rd1 Kf6 25. Nxg4+ Ke7 26. Ne5 Kf6 27. Nxg6 Be7 28. Rf1+ Ke6 29. Bf5+ Kd6 30. Rd1+ Kc6 31. Kf3 Bd6 32. Be4+ Kc7 33. Rh1 Rg7 34. Bf5 Rf7 35. Ke4 Nc6 36. Nf4 Re7+ 37. Ne6+ Kb6 38. Rd1 Bc7 39. Kf3 Ne5+ 40. Ke2 Nc4 41. e4 Nd6 42. Kf3 Kc6 43. Nxc7 Kxc7 44. Rd2 b6 45. Kf4 Rf7 46. Rh2 a5 47. a4 Kc6 48. Rh6 Kc7 49. Rh7 Rxh7 50. Bxh7 Nc4 51. b3 Nd2 52. e5 Kd7 53. Bc2 Ke6 54. Bf5+ Ke7 55. Ke3 Nxb3 56. Bd3 c4 57. Bxc4 Nc5 58. Bb5 Ke6 59. Kd4 Nb3+ 60. Ke4 Nc5+ 61. Kf4 Ke7 62. Kf5 Kf7 63. e6+ Ke7 64. Ke5 Nxe6 65. Kd5 Nd8 66. c4 Ne6 67. Kc6 Nc5 68. Kxb6 Kd6 69. Kxa5 Kc7 70. Be8 Nb7+ 71. Kb4 Kb6 72. Bh5 Ka7 73. Bf3 Nd6 74. Bd5 Ne8 75. Kb5 Nc7+ 76. Kc6 Na6 77. c5 Nb4+ 78. Kd6 Na6 79. Bc4 Nb8 80. Bb5 Kb7 81. c6+ Kc8 82. c7 Nc6 83. Ba6# 1-0

[Event "Fagernes op"]
[Site "Fagernes"]
[Date "2024.03.26"]
[Round "3"]
[White "Jumabayev, Rinat"]
[Black "Ghasi, Ameet K"]
[Result "1-0"]
[WhiteElo "2598"]
[BlackElo "2485"]
[PlyCount "87"]
[EventDate "2024.03.24"]
[EventType "swiss"]
[EventRounds "9"]
[EventCountry "NOR"]
[SourceTitle "CB14_2024"]
[SourceDate "2024.04.01"]
[SourceVersion "1"]
[SourceVersionDate "2024.04.01"]
[SourceQuality "1"]

1. e4 c5 2. Nf3 e6 3. c3 d5 4. e5 d4 5. d3 Ne7 6. g3 Nbc6 7. Bg2 dxc3 8. bxc3 b6 9. 0-0 Bb7 10. Qe2 Qd7 11. Rd1 Nd5 12. Bb2 Rd8 13. Nbd2 Be7 14. Ne4 Qc8 15. c4 Ndb4 16. a3 Na6 17. Qe3 h6 18. h4 Na5 19. Bc3 Nb8 20. Bxa5 bxa5 21. Rab1 Bxe4 22. Qxe4 Nc6 23. Nd2 Nd4 24. Rb7 Rd7 25. Rdb1 0-0 26. Rxd7 Qxd7 27. Rb7 Qe8 28. Rxa7 Bd8 29. Nf3 Nxf3+ 30. Bxf3 Qa4 31. Qc6 Qxa3 32. Qd6 Qb4 33. Rb7 Qe1+ 34. Kg2 a4 35. Qxc5 Ba5 36. Be4 g6 37. Qe7 Bd8 38. Qd6 Qa5 39. Rb5 Qa7 40. Rb7 Qa5 41. Bxg6 a3 42. Qd7 a2 43. Bxf7+ Kh8 44. Bg6 1-0

[Event "Titled Tuesday intern op 12th Mar Late"]
[Site "Chess.com INT"]
[Date "2024.03.12"]
[Round "10"]
[White "Aaron, Deepak"]
[Black "Ghasi, Ameet K"]
[Result "0-1"]
[WhiteElo "2274"]
[BlackElo "2485"]
[PlyCount "94"]
[EventDate "2024.03.12"]
[EventType "swiss (blitz)"]
[EventRounds "11"]
[EventCountry "USA"]
[SourceTitle "CB12_2024"]
[SourceDate "2023.10.01"]
[SourceVersion "1"]
[SourceVersionDate "2023.10.01"]
[SourceQuality "1"]

1. d4 d6 2. e3 g6 3. f4 Nf6 4. Nf3 Bg7 5. Bd3 0-0 6. e4 Nc6 7. 0-0 e5 8. fxe5 dxe5 9. d5 Ne7 10. c4 c6 11. Nc3 Ne8 12. Qe2 c5 13. Be3 b6 14. Qd2 Nd6 15. Bh6 f6 16. Rae1 Bd7 17. h4 Kh8 18. h5 Nf7 19. Bxg7+ Kxg7 20. hxg6 hxg6 21. Bc2 Nd6 22. b3 Ng8 23. Ne2 Nh6 24. Nh2 Qe7 25. Ng3 Rh8 26. Bd1 Rh7 27. a3 Rah8 28. b4 Nxc4 29. Qc3 b5 30. Be2 Nf7 31. Nf3 cxb4 32. axb4 Nfd6 33. Bxc4 bxc4 34. Ra1 Bb5 35. Ne1 a6 36. Nc2 Rh4 37. Qf3 Rf4 38. Qe3 g5 39. Qd2 Kg6 40. Ne3 c3 41. Qe1 Bxf1 42. Ngxf1 Nxe4 43. Rxa6 Qxb4 44. Qc1 Qd4 45. Qc2 Rxf1+ 46. Kxf1 Qxe3 47. Ra4 Rh1# 0-1

[Event "Titled Tuesday intern op 27th Feb Late"]
[Site "Chess.com INT"]
[Date "2024.02.27"]
[Round "4"]
[White "Ghasi, Ameet K"]
[Black "Martinez Pla, Xavier"]
[Result "1-0"]
[WhiteElo "2509"]
[BlackElo "2247"]
[PlyCount "117"]
[EventDate "2024.02.27"]
[EventType "swiss (blitz)"]
[EventRounds "11"]
[EventCountry "USA"]
[SourceTitle "CB10_2024"]
[SourceDate "2024.03.06"]
[SourceVersion "1"]
[SourceVersionDate "2024.03.06"]
[SourceQuality "1"]

1. b3 b6 2. Bb2 Bb7 3. e3 e6 4. Nf3 Nf6 5. g3 Be7 6. Bg2 0-0 7. 0-0 c5 8. Qe2 d6 9. c4 Nbd7 10. Nc3 Qc7 11. Rfd1 a6 12. Rac1 Rac8 13. d4 Ne4 14. Nxe4 Bxe4 15. d5 exd5 16. cxd5 Qb7 17. Nh4 Bxg2 18. Nf5 Bf6 19. Kxg2 Qc7 20. Ba3 g6 21. Nh6+ Kh8 22. Ng4 Bg7 23. Bb2 f5 24. Bxg7+ Kxg7 25. Qb2+ Nf6 26. Nxf6 Rxf6 27. b4 g5 28. a4 f4 29. exf4 gxf4 30. Re1 Kg6 31. bxc5 bxc5 32. Rc4 f3+ 33. Kg1 Qd7 34. Rh4 Re8 35. Qc2+ Rf5 36. Rg4+ Kf6 37. Qc3+ Ree5 38. Rge4 Qe7 39. g4 Kf7 40. Rxe5 Rxe5 41. Qxf3+ Kg7 42. Qc3 Kg6 43. Rf1 Re4 44. Qd3 Kg7 45. h3 Rd4 46. Qxa6 Rxd5 47. a5 h5 48. Qc4 Rd4 49. Qc3 hxg4 50. hxg4 Qg5 51. f3 Qf4 52. Kg2 Kg6 53. Qc2+ Kg7 54. Rf2 Kg8 55. Re2 Kg7 56. a6 c4 57. a7 Rd3 58. Rf2 Ra3 59. Qb2+ 1-0

[Event "Titled Tuesday intern op 27th Feb Late"]
[Site "Chess.com INT"]
[Date "2024.02.27"]
[Round "3"]
[White "Vachier Lagrave, Maxime"]
[Black "Ghasi, Ameet K"]
[Result "1-0"]
[WhiteElo "2732"]
[BlackElo "2509"]
[PlyCount "138"]
[EventDate "2024.02.27"]
[EventType "swiss (blitz)"]
[EventRounds "11"]
[EventCountry "USA"]
[SourceTitle "CB10_2024"]
[SourceDate "2024.03.06"]
[SourceVersion "1"]
[SourceVersionDate "2024.03.06"]
[SourceQuality "1"]

1. Nf3 g6 2. d4 Bg7 3. e4 d6 4. c3 Nf6 5. Bd3 0-0 6. 0-0 Nc6 7. h3 e5 8. d5 Nb8 9. c4 a5 10. Nc3 Na6 11. Re1 Nc5 12. Bf1 Bd7 13. Qc2 c6 14. Be3 cxd5 15. Bxc5 dxc5 16. exd5 e4 17. Nd2 Re8 18. Ndxe4 Nxe4 19. Nxe4 Bf5 20. Bd3 Bd4 21. Ng3 Bd7 22. Rxe8+ Qxe8 23. Kf1 Qe5 24. Re1 Qf6 25. Re2 a4 26. Qd2 Kg7 27. Ne4 Qb6 28. Qf4 Ra6 29. h4 h6 30. h5 g5 31. Nxg5 Qf6 32. Qxf6+ Rxf6 33. Nf3 Rf4 34. Nxd4 Rxd4 35. Re3 Bg4 36. Re4 Rxe4 37. Bxe4 Kf6 38. f3 Bd7 39. Kf2 Ke5 40. Ke3 f5 41. f4+ Kd6 42. Bc2 b6 43. Kd2 Ke7 44. Kc3 Kf6 45. b3 axb3 46. Kxb3 Be8 47. Bd1 Ke7 48. Kc3 Kd6 49. Bc2 Bd7 50. Kb2 Ke7 51. Ka3 Kf6 52. Ba4 Bc8 53. Bb5 Ke7 54. Kb3 Kd6 55. a4 Kc7 56. g3 Kd6 57. a5 bxa5 58. Ka4 Kc7 59. Kxa5 Bb7 60. Ba6 Ba8 61. Kb5 Kd6 62. Bc8 Bxd5 63. cxd5 Kxd5 64. Bxf5 Kd4 65. g4 Ke3 66. g5 Kxf4 67. gxh6 Kxf5 68. h7 Kg5 69. h8Q Kg4 1-0

[Event "Cambridge op 2nd"]
[Site "Cambridge"]
[Date "2024.02.22"]
[Round "6"]
[White "Ghasi, Ameet K"]
[Black "Asgarova, Turan Nizami Qizi"]
[Result "1-0"]
[WhiteElo "2509"]
[BlackElo "1988"]
[PlyCount "53"]
[EventDate "2024.02.19"]
[EventType "swiss"]
[EventRounds "9"]
[EventCountry "ENG"]
[SourceTitle "CB09_2024"]
[SourceDate "2024.02.28"]
[SourceVersion "1"]
[SourceVersionDate "2024.02.28"]
[SourceQuality "1"]

1. Nf3 Nf6 2. g3 g6 3. Bg2 Bg7 4. 0-0 0-0 5. d3 c6 6. e4 d6 7. Nbd2 b5 8. a4 Bb7 9. d4 Qc7 10. e5 Nd5 11. e6 h6 12. Nh4 b4 13. exf7+ Rxf7 14. Nxg6 Bxd4 15. Ne4 Bg7 16. Qh5 Nd7 17. Bxh6 N7f6 18. Qh4 Bxh6 19. Qxh6 Rh7 20. Qg5 Rg7 21. h4 c5 22. h5 Kf7 23. Qf5 Bc8 24. Ng5+ Ke8 25. Ne6 Bxe6 26. Qxe6 Nb6 27. a5 1-0

[Event "BCF-chT 2324 (4NCL)"]
[Site "England"]
[Date "2024.02.11"]
[Round "6.2"]
[White "Turner, Max N"]
[Black "Ghasi, Ameet K"]
[Result "1-0"]
[WhiteElo "2255"]
[BlackElo "2508"]
[PlyCount "89"]
[EventDate "2023.11.11"]
[EventType "team-tourn"]
[EventRounds "11"]
[EventCountry "ENG"]
[SourceTitle "CB11_2024"]
[SourceDate "2024.03.13"]
[SourceVersion "1"]
[SourceVersionDate "2024.03.13"]
[SourceQuality "1"]
[WhiteTeam "Chessable White Rose"]
[BlackTeam "The Sharks"]
[WhiteTeamCountry "ENG"]
[BlackTeamCountry "ENG"]

1. d4 Nf6 2. c4 g6 3. g3 Bg7 4. Bg2 0-0 5. Nc3 d6 6. Nf3 c6 7. 0-0 Bf5 8. Ne1 e5 9. d5 cxd5 10. cxd5 a5 11. e4 Bd7 12. a4 Na6 13. Nd3 b6 14. Bd2 Ne8 15. Qb3 Nc5 16. Nxc5 bxc5 17. Nb1 f5 18. Na3 fxe4 19. Nc4 Bg4 20. Bxe4 Nf6 21. Bg2 Be2 22. Rfc1 Rb8 23. Qa3 Bxc4 24. Rxc4 e4 25. Bh3 Nd7 26. Be6+ Kh8 27. Bc3 Bxc3 28. Qxc3+ Ne5 29. Rxe4 Rf3 30. Re3 Rxe3 31. Qxe3 Qf6 32. Rc1 g5 33. b3 Rb4 34. Rc3 h6 35. Qe2 g4 36. Qa6 Qf8 37. Qxa5 h5 38. Qxb4 cxb4 39. Rc8 Nf3+ 40. Kg2 Qxc8 41. Bxc8 Nd4 42. a5 Nb5 43. a6 Kg7 44. Bd7 Na7 45. h3 1-0

[Event "Titled Tuesday intern op 06th Feb Late"]
[Site "Chess.com INT"]
[Date "2024.02.06"]
[Round "5"]
[White "Ghasi, Ameet K"]
[Black "Drygalov, Andrey"]
[Result "0-1"]
[WhiteElo "2509"]
[BlackElo "2475"]
[PlyCount "156"]
[EventDate "2024.02.06"]
[EventType "swiss (blitz)"]
[EventRounds "11"]
[EventCountry "USA"]
[SourceTitle "CB07_2024"]
[SourceDate "2024.02.14"]
[SourceVersion "1"]
[SourceVersionDate "2024.02.14"]
[SourceQuality "1"]

1. b3 d5 2. Bb2 Bf5 3. d3 e6 4. Nd2 Nf6 5. g3 Be7 6. Bg2 0-0 7. h3 h6 8. e4 Bh7 9. Qe2 c5 10. Ngf3 Nc6 11. 0-0 a5 12. a4 Re8 13. Rfe1 Rc8 14. Rad1 Nb4 15. Nb1 c4 16. bxc4 dxc4 17. Nc3 cxd3 18. cxd3 Nd7 19. d4 Nb6 20. Ne5 Bd6 21. Ba1 Bxe5 22. dxe5 Qe7 23. Nb5 Rc2 24. Qe3 Nc4 25. Qf4 h5 26. Nd6 Rf8 27. Bf1 Nb6 28. Bb5 Rc5 29. Qe3 Qc7 30. Qg5 Bg6 31. Bd4 Rc2 32. Be3 Rc3 33. Bd4 Rc2 34. g4 hxg4 35. hxg4 Nd7 36. Be3 Nc5 37. Rc1 Nxe4 38. Nxe4 Bxe4 39. Rxc2 Nxc2 40. Rc1 Qc3 41. Bd2 Qb2 42. Qf4 Bg6 43. Qc4 Nd4 44. Qc3 Qxc3 45. Bxc3 Rc8 46. Bd2 Nf3+ 47. Kg2 Rxc1 48. Bxc1 Nxe5 49. Bd2 Bd3 50. Bxa5 Bxb5 51. axb5 Nc4 52. Bb4 f5 53. Kg3 Kf7 54. Kf4 Kf6 55. gxf5 exf5 56. Kf3 g5 57. Ke2 Ke6 58. Kd3 Kd5 59. Bc3 Ne5+ 60. Ke3 Nd7 61. f3 Nc5 62. Bf6 Ne6 63. Kd3 Kc5 64. Kc3 Kxb5 65. Kd3 Kc5 66. Be7+ Kd5 67. Bf6 b5 68. Bc3 Nc5+ 69. Kc2 Kc4 70. Bd2 Ne6 71. Kb2 Kd3 72. Bc1 Ke2 73. Kb3 Kxf3 74. Kb4 g4 75. Kxb5 g3 76. Kc4 g2 77. Kc3 g1Q 78. Be3 Qxe3+ 0-1

[Event "Titled Tuesday intern op 06th Feb Late"]
[Site "Chess.com INT"]
[Date "2024.02.06"]
[Round "9"]
[White "Shohat, Yotam"]
[Black "Ghasi, Ameet K"]
[Result "0-1"]
[WhiteElo "2369"]
[BlackElo "2509"]
[PlyCount "72"]
[EventDate "2024.02.06"]
[EventType "swiss (blitz)"]
[EventRounds "11"]
[EventCountry "USA"]
[SourceTitle "CB07_2024"]
[SourceDate "2024.02.14"]
[SourceVersion "1"]
[SourceVersionDate "2024.02.14"]
[SourceQuality "1"]

1. e4 g6 2. d4 Bg7 3. Nc3 d6 4. f4 e6 5. Nf3 Ne7 6. Bd3 0-0 7. 0-0 Nd7 8. e5 b6 9. Ne4 d5 10. Neg5 c5 11. c3 a5 12. Qe2 Nb8 13. g4 Ba6 14. Bxa6 Nxa6 15. h4 h6 16. Nh3 Qd7 17. Be3 Qa4 18. b3 Qc6 19. h5 a4 20. Nh4 axb3 21. axb3 Nc7 22. Rxa8 Qxa8 23. f5 exf5 24. gxf5 gxf5 25. Nxf5 Nxf5 26. Rxf5 Qa1+ 27. Kh2 Qxc3 28. Nf2 Ne6 29. Ng4 Kh7 30. Nf6+ Kh8 31. Nd7 Rg8 32. Rxf7 cxd4 33. Bd2 Qc2 34. Nf6 Qf5 35. Re7 Bxf6 36. exf6 Qxf6 0-1

[Event "Hastings Masters op"]
[Site "Hastings"]
[Date "2024.01.05"]
[Round "9"]
[White "Wadsworth, Matthew J"]
[Black "Ghasi, Ameet K"]
[Result "0-1"]
[WhiteElo "2448"]
[BlackElo "2509"]
[PlyCount "124"]
[EventDate "2023.12.28"]
[EventType "swiss"]
[EventRounds "9"]
[EventCountry "ENG"]
[SourceTitle "CB02_2024"]
[SourceDate "2024.01.10"]
[SourceVersion "1"]
[SourceVersionDate "2024.01.10"]
[SourceQuality "1"]

1. d4 Nf6 2. c4 g6 3. Nf3 Bg7 4. g3 0-0 5. Bg2 d6 6. Nc3 Nbd7 7. 0-0 e5 8. e4 exd4 9. Nxd4 Nc5 10. h3 Re8 11. Re1 h6 12. Rb1 a5 13. b3 c6 14. Bf4 Nh7 15. Qd2 Ng5 16. h4 Bxd4 17. hxg5 hxg5 18. Qxd4 gxf4 19. gxf4 Qh4 20. Qe3 a4 21. b4 Ne6 22. Ne2 Ng7 23. Qg3 Qf6 24. Red1 Nh5 25. Qg5 Qxg5 26. fxg5 Bg4 27. f3 Be6 28. Rbc1 a3 29. Nd4 Ra4 30. Nxe6 fxe6 31. Rb1 Rd8 32. Bf1 Kf8 33. Kf2 Ke7 34. Ke3 e5 35. Bd3 Raa8 36. Rh1 Rh8 37. Rh2 Nf4 38. Rbh1 Rh5 39. c5 Rd8 40. Bc4 dxc5 41. bxc5 Rd4 42. Be2 Rb4 43. Rxh5 gxh5 44. Rg1 Rb2 45. Bf1 Kf8 46. g6 Kg7 47. Rg5 Rxa2 48. Rxe5 Nxg6 49. Rxh5 Ra1 50. Bc4 a2 51. Bxa2 Rxa2 52. Rh1 Ra3+ 53. Kf2 Ne5 54. Rh5 Kf6 55. Rf5+ Ke6 56. Ke2 Rc3 57. Rf8 Nd7 58. Re8+ Kf7 59. Rh8 Nxc5 60. e5 Ne6 61. Rh7+ Kg6 62. Rxb7 Kf5 0-1

[Event "Hastings Masters op"]
[Site "Hastings"]
[Date "2023.12.28"]
[Round "1"]
[White "Banerjee, Supratit"]
[Black "Ghasi, Ameet K"]
[Result "1/2-1/2"]
[WhiteElo "1974"]
[BlackElo "2509"]
[PlyCount "97"]
[EventDate "2023.12.28"]
[EventType "swiss"]
[EventRounds "9"]
[EventCountry "ENG"]
[SourceTitle "CB02_2024"]
[SourceDate "2024.01.10"]
[SourceVersion "1"]
[SourceVersionDate "2024.01.10"]
[SourceQuality "1"]

1. e4 c6 2. d4 d5 3. Nd2 dxe4 4. Nxe4 Nf6 5. Nxf6+ exf6 6. c3 Bd6 7. Bd3 0-0 8. Ne2 Re8 9. 0-0 Nd7 10. Bf4 Nf8 11. Bxd6 Qxd6 12. Qd2 Ng6 13. Rfe1 Bg4 14. Ng3 b6 15. Rxe8+ Rxe8 16. Re1 Rd8 17. Qc2 Be6 18. b4 Qc7 19. Bf5 Nf8 20. Bxe6 Nxe6 21. Qe4 g6 22. h4 h5 23. Qf3 Kg7 24. Ne4 Qf4 25. Qxf4 Nxf4 26. Nd2 Nd5 27. Rc1 g5 28. hxg5 fxg5 29. g3 Re8 30. Kf1 f6 31. a3 Kg6 32. c4 Nc7 33. Nf3 Kf5 34. Rd1 Rd8 35. Kg2 Rd7 36. Re1 Ne6 37. Rd1 h4 38. d5 h3+ 39. Kh2 cxd5 40. cxd5 Nc7 41. Nd4+ Kg6 42. Nc6 g4 43. Rd4 Kg5 44. d6 Ne6 45. Rd5+ Kg6 46. Nb8 Rb7 47. Nc6 Rd7 48. Nb8 Rd8 49. Nc6 1/2-1/2

[Event "UK Blitz op Final"]
[Site "Leamington Spa"]
[Date "2023.12.02"]
[Round "6"]
[White "Ghasi, Ameet K"]
[Black "Dong, Bao Nghia"]
[Result "1-0"]
[WhiteElo "2509"]
[BlackElo "2317"]
[PlyCount "63"]
[EventDate "2023.12.02"]
[EventType "tourn (blitz)"]
[EventRounds "15"]
[EventCountry "ENG"]
[EventCategory "3"]
[SourceTitle "CB49_2023"]
[SourceDate "2023.12.06"]
[SourceVersion "1"]
[SourceVersionDate "2023.12.06"]
[SourceQuality "1"]

1. Nf3 e6 2. g3 f5 3. Bg2 Nf6 4. 0-0 d5 5. c4 Bd6 6. Nc3 c6 7. d3 0-0 8. e4 dxe4 9. dxe4 Bc5 10. Qc2 Nbd7 11. exf5 Nb6 12. fxe6 Bxe6 13. b3 Qc8 14. Bg5 Bf5 15. Qb2 a5 16. Rad1 h6 17. Bf4 Bh3 18. Rfe1 Bxg2 19. Kxg2 Nh5 20. Be3 Rxf3 21. Kxf3 Qh3 22. Bxc5 Qf5+ 23. Kg2 Qxc5 24. Ne4 Qf5 25. Qe2 Rf8 26. h3 Qg6 27. Kh2 Nc8 28. Qg4 Qf7 29. Rd7 Ne7 30. Re2 Nf6 31. Nxf6+ Qxf6 32. Rdxe7 1-0

[Event "UK Blitz op Final"]
[Site "Leamington Spa"]
[Date "2023.12.02"]
[Round "7"]
[White "Speelman, Jonathan S"]
[Black "Ghasi, Ameet K"]
[Result "0-1"]
[WhiteElo "2492"]
[BlackElo "2509"]
[PlyCount "111"]
[EventDate "2023.12.02"]
[EventType "tourn (blitz)"]
[EventRounds "15"]
[EventCountry "ENG"]
[EventCategory "3"]
[SourceTitle "CB49_2023"]
[SourceDate "2023.12.06"]
[SourceVersion "1"]
[SourceVersionDate "2023.12.06"]
[SourceQuality "1"]

1. Nf3 Nf6 2. c4 g6 3. Nc3 Bg7 4. e4 d6 5. d4 0-0 6. h3 e5 7. dxe5 dxe5 8. Qxd8 Rxd8 9. Bg5 Na6 10. Nd5 Rd6 11. Nxf6+ Bxf6 12. Bxf6 Rxf6 13. 0-0-0 Be6 14. Bd3 Nb4 15. a3 Nxd3+ 16. Rxd3 Bxc4 17. Rc3 Be2 18. Nxe5 Re8 19. Rc2 Rxf2 20. Ng4 Bxg4 21. Rxf2 Be6 22. Rd1 Kf8 23. Kd2 Rd8+ 24. Ke1 Re8 25. Rfd2 Ke7 26. Kf2 h5 27. Ke3 h4 28. Kf4 Rh8 29. Rc1 c6 30. b4 Rh5 31. Rd4 a6 32. Rc5 Rh8 33. a4 Rc8 34. b5 axb5 35. axb5 cxb5 36. Rxc8 Bxc8 37. e5 Bd7 38. Rd6 Bc6 39. Rd2 Ke6 40. Rd6+ Ke7 41. Rd2 b4 42. Rb2 Ke6 43. g3 hxg3 44. Kxg3 Kxe5 45. Rxb4 b5 46. Kg4 Kd5 47. Kg5 Kc5 48. Rf4 Bd5 49. Kf6 b4 50. Ke5 b3 51. Rf2 Be6 52. h4 Kc4 53. Rf4+ Kc3 54. Rf3+ Kb4 55. Rf2 Ka3 56. Kd4 0-1

[Event "BCF-chT 2324 (4NCL)"]
[Site "England"]
[Date "2023.11.12"]
[Round "2.1"]
[White "Csonka, Balazs"]
[Black "Ghasi, Ameet K"]
[Result "1/2-1/2"]
[WhiteElo "2480"]
[BlackElo "2508"]
[PlyCount "86"]
[EventDate "2023.11.11"]
[EventType "team-tourn"]
[EventRounds "11"]
[EventCountry "ENG"]
[SourceTitle "CB46_2023"]
[SourceDate "2023.11.15"]
[SourceVersion "1"]
[SourceVersionDate "2023.11.15"]
[SourceQuality "1"]
[WhiteTeam "Manx Liberty"]
[BlackTeam "The Sharks"]
[WhiteTeamCountry "ENG"]
[BlackTeamCountry "ENG"]

1. e4 c5 2. Nf3 e6 3. d4 cxd4 4. Nxd4 Nf6 5. Nc3 Nc6 6. Ndb5 Bc5 7. Bf4 0-0 8. Bc7 Qe7 9. Bd6 Bxd6 10. Qxd6 Qd8 11. 0-0-0 a6 12. Nd4 Ne7 13. Qg3 b5 14. e5 Ne8 15. Bd3 Bb7 16. Be4 Rb8 17. Qh4 Bxe4 18. Nxe4 Nd5 19. Qxd8 Rxd8 20. Rhe1 Rc8 21. g3 f5 22. exf6 gxf6 23. Nb3 f5 24. Nec5 Nef6 25. Nxa6 Ra8 26. Nac5 Rxa2 27. f3 Rc8 28. g4 fxg4 29. fxg4 Ra7 30. Ne4 Nxe4 31. Rxe4 Rac7 32. Re2 Rf8 33. Nd4 b4 34. h3 Nf4 35. Re3 Rc4 36. Kb1 Nd5 37. Red3 Rf2 38. R3d2 Rxd2 39. Rxd2 Kg7 40. Ka2 Kf6 41. Kb3 Rc8 42. Rf2+ Ke5 43. Nf3+ Kf6 1/2-1/2